| 000 | 00341nam a22001337a 4500 | ||
|---|---|---|---|
| 008 | 230504b |||||||| |||| 00| 0 eng d | ||
| 020 | _a978-93-325-00-33-4 | ||
| 100 | _aS. P. Robbins & T. A. Judge | ||
| 245 | _aOrganizational Behavior | ||
| 260 |
_aNew Delhi _bPearson Pub. _c2016 |
||
| 300 | _a672 | ||
| 546 | _aEnglish | ||
| 942 |
_2ddc _cBK |
||
| 999 |
_c20008 _d20008 |
||